LEADER 06671nam 22010693u 450 001 9911019808103321 005 20240523211247.0 010 $a1-118-78567-3 010 $a1-283-27289-X 010 $a0-470-96012-4 010 $a9786613272898 035 $a(CKB)3360000000431966 035 $a(EBL)818638 035 $a(OCoLC)830170959 035 $a(SSID)ssj0000649972 035 $a(PQKBManifestationID)11380977 035 $a(PQKBTitleCode)TC0000649972 035 $a(PQKBWorkID)10610652 035 $a(PQKB)11647400 035 $a(MiAaPQ)EBC818638 035 $a(EXLCZ)993360000000431966 100 $a20131014d2011|||| u|| | 101 0 $aeng 135 $aur|n|---||||| 181 $ctxt 182 $cc 183 $acr 200 10$aVeterinary Computed Tomography$b[electronic resource] 210 $aHoboken $cWiley$d2011 215 $a1 online resource (1359 p.) 300 $aDescription based upon print version of record. 311 $a0-8138-1747-1 327 $aCover; Title page; Copyright page; Contributors; Preface; Acknowledgements; Basic CT Unit Anatomy; X-Ray Tube; Collimators and Filtration; Detector Systems; Gantry Anatomy; Scanning Modes; Table Design; Proprietary CT Terminology; CHAPTER ONE: CT Physics and Instrumentation - Mechanical Design; Image Parameter Selection; Patient Set-Up; Patient Restraint; CHAPTER TWO: CT Acquisition Principles; Basic CT Descriptive Terminology; Image Labels; Tomographic Reconstruction: CT Numbers or Hounsfield Units; Digital Image Display: Windowing Techniques 327 $aCHAPTER THREE: Principles of CT Image InterpretationIntroduction; Geometrical Errors; Algorithm Distortions; Attenuation Measurement-Induced Artifacts; Energy Spectrum Effects; Conclusions; CHAPTER FOUR: Artifacts in CT; Intravenous Contrast Medium Administration; Equine Intra-Arterial Contrast Administration; Contrast Administration Method: Manual Versus Power Injector; Other Contrast Media Applications; CHAPTER FIVE: CT Contrast Media and Applications; Densitometry; Automated Bolus Tracking; CT Perfusion Imaging; Multiplanar Reconstruction; Curvilinear Reconstruction 327 $aPaddle Wheel Reconstruction3D Reconstruction; CHAPTER SIX: Special Software Applications; Picture Archive and Communication Systems; DICOM; RIS/HIS; Transfer Speed; Non-Proprietary Workstations; CHAPTER SEVEN: Digital Environment; Introduction; Principles of External Beam Radiotherapy; Principles of Radiotherapy Treatment Planning; Reducing Set-Up Errors; Summary; CHAPTER EIGHT: CT Planning for Radiotherapy; Introduction; CT for Biopsy Procedures; CT Monitoring of Stents and Other Devices; CT Assisted Embolization Techniques; CT-Monitored Cryoablation of Tumors; Interventional CT in Equines 327 $aCHAPTER NINE: Interventional CTBusiness Plan: Income versus Expenses, i.e. Profit or Loss; Service Contract: All, Some or Nothing at All; Caseload Considerations: Fixed and Variable Costs of Doing Business; CHAPTER TEN: Purchase Considerations; Imaging Protocol; CT: Anatomy and Normal Variants; Disease Features; CHAPTER ELEVEN: Nasal Cavities and Frontal Sinuses; Imaging Protocol; CT: Anatomy and Normal Variants; Non-Dental Diseases; Dental Diseases; CHAPTER TWELVE: Oral Cavity, Mandible, Maxilla and Dental Apparatus; Imaging Protocol; CT: Anatomy and Normal Variants; Disease Features 327 $aCHAPTER THIRTEEN: Temporomandibular Joint and Masticatory ApparatusImaging Protocol; The Orbita; The Salivary Glands; Lacrimal System; CHAPTER FOURTEEN: Orbita, Salivary Glands and Lacrimal System; Imaging Protocol; CT: Anatomy and Normal Variants; CT Disease Features; CHAPTER FIFTEEN: External, Middle and Inner Ear; Imaging Protocol; CT: Anatomy and Normal Variants; CT Disease Features; CHAPTER SIXTEEN: Calvarium and Zygomatic Arch; Imaging Protocol; CT: Anatomy and Normal Variants; Disease Features; CHAPTER SEVENTEEN: Lymph Nodes of Head and Neck; Imaging Protocol 327 $aCT: Anatomy and Normal Variants 330 $aThis practical and highly illustrated guide is an essential resource for veterinarians seeking to improve their understanding and use of computed tomography (CT) in practice. It provides a thorough grounding in CT technology, describing the underlying physical principles as well as the different types of scanners. The book also includes principles of CT examination such as guidance on positioning and how to achieve a good image quality. Written by specialists from twelve countries, this book offers a broad range of expertise in veterinary computed tomography, and is the first book to des 606 $aVeterinary tomography 606 $aVeterinary tomography$xDigital techniques 606 $aRadiography, Medical 606 $aTomography, X-Ray 606 $aImage Interpretation, Computer-Assisted 606 $aRadiographic Image Enhancement 606 $aGuideline 606 $aImage Enhancement 606 $aPublication Formats 606 $aRadiography 606 $aTomography 606 $aDiagnostic Imaging 606 $aPublication Characteristics 606 $aDiagnostic Techniques and Procedures 606 $aPhotography 606 $aDiagnosis 606 $aAnalytical, Diagnostic and Therapeutic Techniques and Equipment 606 $aPractice Guideline 606 $aTomography, X-Ray Computed 606 $aHealth & Biological Sciences$2HILCC 606 $aVeterinary Medicine$2HILCC 615 4$aVeterinary tomography. 615 0$aVeterinary tomography$xDigital techniques. 615 0$aRadiography, Medical. 615 2$aTomography, X-Ray. 615 2$aImage Interpretation, Computer-Assisted. 615 2$aRadiographic Image Enhancement. 615 2$aGuideline 615 2$aImage Enhancement. 615 2$aPublication Formats 615 2$aRadiography. 615 2$aTomography. 615 2$aDiagnostic Imaging. 615 2$aPublication Characteristics 615 2$aDiagnostic Techniques and Procedures. 615 2$aPhotography. 615 2$aDiagnosis. 615 2$aAnalytical, Diagnostic and Therapeutic Techniques and Equipment 615 2$aPractice Guideline 615 2$aTomography, X-Ray Computed. 615 7$aHealth & Biological Sciences 615 7$aVeterinary Medicine 676 $a636.089/60757 676 $a636.08960757 700 $aSchwarz$b Tobias$0963246 701 $aSaunders$b Jimmy$01841353 801 0$bAU-PeEL 801 1$bAU-PeEL 801 2$bAU-PeEL 906 $aBOOK 912 $a9911019808103321 996 $aVeterinary Computed Tomography$94421052 997 $aUNINA LEADER 01105nam2 22003133i 450 001 UFI0483988 005 20251003044429.0 010 $a0080447201 100 $a20080807d2005 ||||0itac50 ba 101 | $aeng 102 $anl 181 1$6z01$ai $bxxxe 182 1$6z01$an 200 1 $aˆ1: ‰Meteorites, comets and planets$fedited by A. M. Davis 210 $aAmsterdam [etc.]$cElsevier$d2005 215 $aXVII, 737 p.$cill.$d28 cm. 461 1$1001RMS1023710$12001 $aTreatise on geochemistry$fedited by H.D. Holland and K.K. Turekian$v1 606 $aGeochimica$2FIR$3CFIC049408$9E 676 $a551.9$9$v14 696 $aGeologia chimica 699 $aGeochimica$yGeologia chimica 702 1$aDavis$b, A. M.$3RMSV428602 801 3$aIT$bIT-000000$c20080807 850 $aIT-BN0095 912 $aUFI0483988 950 2$aBiblioteca Centralizzata di Ateneo$cv. 1-9$d 01SALA 551.9 TRE$e 0104 0000009385 VMA (1 v. 1$fA $h20080807$i20080807 977 $a 01 996 $aMeteorites, comets and planets$9108848 997 $aUNISANNIO